[Event "Uru-ch 2020 Final"]
[Site "Montevideo"]
[Date "2021.03.13"]
[Round "1.1"]
[White "Roselli Mailhe, Bernardo"]
[Black "Vazquez, Facundo"]
[Result "1/2-1/2"]
[WhiteElo "2429"]
[BlackElo "2200"]
[Annotator "TA"]
[PlyCount "139"]
[EventDate "2021.03.13"]
[EventCountry "URU"]
[SourceTitle "playchess.com"]
[Source "ChessBase"]
[SourceQuality "1"]

{[%evp 19,139,0,0,0,6,0,25,22,30,20,15,18,18,0,0,0,0,-33,-11,-43,-50,-45,0,0,0,0,6,-32,-40,-27,-19,-21,0,0,0,0,0,-22,-16,-16,0,-27,0,0,0,0,0,-7,0,0,0,0,0,0,0,0,0,-9,0,0,0,0,0,0,0,0,0,0,0,0,0,0,0,0,0,0,0,0,0,-23,0,0,0,0,0,0,0,0,0,5,212,216,321,216,222,210,5165,119,5165,5093,29981,29982,29982,29983,29983,29981,29980,0,0,0,29976,29974,5081,899,1957,0,0,0,1260,0,0,0]} 1. e4 c5 2. Nf3 Nc6 3. d4 cxd4 4. Nxd4 Nf6 5. Nc3 e5 6. Ndb5 d6 7. Nd5 Nxd5 8. exd5 Nb8 9. a4 Be7 10. Be2 O-O 11. O-O {B33: Sicilian: Pelikan and Sveshnikov Variations.} Nd7 12. Bd2 $1 {[%mdl 4] is more profitable than 12.Kh1 at the moment.} a6 13. Na3 {White has an edge.} a5 14. Nb5 f5 15. f4 Bf6 16. Kh1 Nc5 {[#]} 17. Be3 $146 ({Predecessor:} 17. c3 b6 18. Be3 g6 19. Na3 exf4 20. Bxf4 g5 21. Be3 Ra7 22. Nc4 Rg7 23. b4 {1-0 (39) Gukesh,D (2542)-Lombaers,P (2383) Caleta 2020}) 17... b6 18. Ra3 Ba6 19. c3 exf4 20. Bxf4 Bxb5 21. Bxb5 Ra7 22. Ra1 Bg5 23. Qc2 Bxf4 24. Rxf4 g6 25. Raf1 Raf7 26. b4 Nd7 27. Bxd7 Qxd7 28. bxa5 bxa5 29. Qd3 Rc8 30. Rc4 Rff8 31. h3 Rxc4 32. Qxc4 $11 {[%mdl 4096] Endgame KQR-KQR} Rc8 33. Qd4 (33. Qa6 {feels hotter.} Rc5 34. Rb1 Qe7 35. c4 Kg7 36. Rb7) 33... Qg7 34. Qb6 Qc7 35. Qe3 Qf7 36. Qd3 Qc7 37. Qe2 Qf7 38. c4 Re8 39. Qd2 Qc7 40. Re1 Rxe1+ 41. Qxe1 {KQ-KQ} Qc5 42. Qe7 Qb4 43. Kh2 Qc5 44. Qd7 (44. Qe8+ {is more complex.} Kg7 45. Qe7+ Kg8) 44... f4 45. Qe6+ Kg7 46. Qe7+ Kg8 47. Qe8+ (47. h4 {is interesting.} Qf2 48. Qe6+ Kg7 49. Qd7+ Kg8 50. Qe6+) 47... Kg7 48. Qe4 Qf2 49. Qd3 g5 50. Qe4 h6 51. Qe7+ Kg8 52. Qd8+ (52. Kh1 {looks sharper.} f3 53. Qe6+ Kg7 54. Qe7+ Kg8) 52... Kg7 53. Qxa5 {Qc3+ is the strong threat.} Qg3+ 54. Kh1 {White wants to play Qc7+.} Kg6 $2 (54... Kf6 $1 $11 {and Black is okay.}) 55. Qd2 $1 $18 Qb3 (55... h5 $142 56. Kg1 Qb3) 56. Qe2 Qxa4 57. Qe6+ Kh5 $2 (57... Kh7 58. Qe7+ (58. Qxd6 Qxc4 59. Qe7+ Kg6 $11) 58... Kg8) 58. Qxd6 $2 (58. c5 $18 dxc5 59. d6 Qa1+ 60. Kh2) 58... Qxc4 $2 {[%mdl 8192]} (58... Qd1+ $16 59. Kh2 Qe1) 59. Qe6 Qf1+ 60. Kh2 Qd3 61. d6 Qg3+ 62. Kh1 Qd3 63. Qg4+ Kg6 64. Qe6+ Kh5 65. d7 f3 66. Qe8+ (66. Kh2 $142 fxg2 67. Kxg2 Qc2+ 68. Kg1 Qd1+ 69. Kf2) 66... Kh4 {[#]} 67. Qe1+ $2 (67. Kg1 $1 $18 Qd4+ 68. Kf1 fxg2+ 69. Kxg2 Qd2+ 70. Kf1 Qd3+ 71. Ke1 Qg3+ 72. Ke2 Qg2+ 73. Ke3 Qg1+ 74. Ke4 Qg2+ 75. Ke3 Qg1+ 76. Ke4 Qg2+ 77. Ke5 Qg3+ 78. Kf6 Qf3+ 79. Kg7 Qc3+ 80. Kxh6 Qc6+ 81. Kg7) 67... Kh5 $11 68. Qe8+ $2 {[%mdl 8192]} (68. g3 $11 Qe2 69. g4+ Kg6 70. Qxe2 (70. Qb1+ Kg7 $11) 70... fxe2 71. d8=Q e1=Q+ 72. Kg2) 68... Kh4 $18 {[#] ( -> ...Qf1+)} 69. Qe1+ $2 (69. Kg1 $1 $18 Qd4+ 70. Kf1 fxg2+ 71. Kxg2 Qd2+ 72. Kf1 Qf4+ 73. Ke2 Qc4+ 74. Ke3 Qb3+ 75. Kd4 Qb4+ 76. Ke5 Qc3+ 77. Kf5 Qxh3+ 78. Kf6 Qf3+ 79. Kg7 Qc3+ 80. Kh7) 69... Kh5 $11 70. Qe8+ {Weighted Error Value: White=0.19/Black=0.28} 1/2-1/2

[Event "Uru-ch 2020 Final"]
[Site "Montevideo"]
[Date "2021.03.13"]
[Round "1.2"]
[White "Coppola, Claudio"]
[Black "Curi, Gabriel"]
[Result "1-0"]
[WhiteElo "2233"]
[BlackElo "2156"]
[Annotator "TA"]
[PlyCount "99"]
[EventDate "2021.03.13"]
[EventCountry "URU"]
[SourceTitle "playchess.com"]
[Source "ChessBase"]
[SourceQuality "1"]

{[%evp 20,99,44,20,22,22,19,0,31,6,30,26,112,106,159,0,0,0,0,0,41,25,64,61,110,33,24,29,103,126,129,92,91,95,94,85,93,81,181,172,212,201,224,206,210,218,239,240,237,239,241,230,287,281,271,250,373,353,477,477,511,510,509,501,506,502,443,404,536,535,510,506,472,472,538,528,618,600,729,722,618,431]} 1. d4 d5 2. Nf3 Nf6 3. c4 e6 4. g3 Be7 5. Bg2 O-O 6. O-O c5 7. cxd5 exd5 8. Nc3 Nc6 9. Bg5 c4 {outshines the older 9...cxd4.} 10. Ne5 Be6 11. Qd2 h6 {D34: Tarrasch Defence: 6 g3 Nf6 7 Bg2 Be7.} 12. Bxf6 Bxf6 13. f4 Ne7 {[#] The position is equal.} 14. b3 $146 ({Predecessor:} 14. e4 Bxe5 15. fxe5 Qd7 16. Rad1 Rad8 17. g4 Bxg4 18. exd5 Bxd1 19. Qxd1 f6 20. Re1 fxe5 21. dxe5 {0-1 (33) Zhu,C (2447)-Edouard,R (2659) Doha 2014}) 14... Bxe5 15. fxe5 Qa5 (15... Rc8 $11) 16. bxc4 $16 Rac8 (16... dxc4 $142 17. Rab1 (17. Bxb7 Rad8 $16) 17... Rab8) 17. Ne4 $2 Qxd2 $11 18. Nxd2 dxc4 19. Bxb7 Rc7 20. Be4 Rd8 21. e3 Bd5 22. Bxd5 (22. Rfc1 $16) 22... Nxd5 $14 23. Kf2 Rb8 (23... f6 $1 $11) 24. Rab1 $16 Rxb1 25. Rxb1 {[%mdl 4096] Endgame KRN-KRN} c3 26. Rb8+ Kh7 27. Nb3 c2 28. Nc1 Kg6 (28... Nc3 $16) 29. e4 $18 Nc3 30. Ke3 Nd1+ 31. Ke2 $1 Rc4 32. Kd3 Rc3+ 33. Kd2 Rc4 34. d5 Rxe4 {[#]} 35. Nd3 ({Inferior is} 35. Kxc2 Ne3+ 36. Kd3 Rxe5 $11) 35... Ne3 {[#]} 36. d6 {[%cal Rd6d7] Hoping for d7.} Rd4 37. Rc8 Nc4+ (37... Ng4 $142) 38. Kxc2 Kf5 39. Kc3 {[%mdl 64] Double Attack} Nxd6 40. exd6 ({Stronger than} 40. Kxd4 Nxc8 41. Kd5 g5 $11) 40... Rxd6 {KRN-KR} 41. Rc7 Ra6 42. Rxf7+ {[%mdl 64] Double Attack} Kg4 43. Rf2 g5 44. Nc5 {White is clearly winning.} Rc6 45. Kb4 h5 46. a4 {[%cal Ba2a4,Ba4a5][%mdl 32]} Rb6+ 47. Kc4 Rb1 48. a5 Kh3 49. Ne4 Kg4 50. Nf6+ {Weighted Error Value: White=0.10/Black=0.36} 1-0

[Event "Uru-ch 2020 Final"]
[Site "Montevideo"]
[Date "2021.03.13"]
[Round "1.3"]
[White "Carbone, Diego"]
[Black "Guerrero, Alvaro"]
[Result "1-0"]
[WhiteElo "2224"]
[BlackElo "2112"]
[Annotator "TA"]
[PlyCount "117"]
[EventDate "2021.03.13"]
[EventCountry "URU"]
[SourceTitle "playchess.com"]
[Source "ChessBase"]
[SourceQuality "1"]

{[%evp 10,117,13,8,16,14,18,13,35,33,36,35,52,48,49,37,53,37,50,0,42,26,30,0,20,0,0,8,8,0,52,52,48,54,76,72,72,72,97,77,124,105,116,99,114,71,104,104,105,94,126,100,132,102,220,164,243,243,238,231,223,200,272,238,254,239,256,26,236,236,450,414,465,375,375,375,526,514,511,487,774,737,758,741,749,746,734,715,981,944,901,684,677,677,677,677,760,706,714,709,980,965,1601,1578,1470,1486,1385,1371,1337,1297]} 1. d4 Nf6 2. c4 e6 3. g3 Bb4+ 4. Bd2 Bxd2+ 5. Nxd2 d6 6. Ngf3 Nbd7 {E11: Bogo-Indian.} 7. Bg2 O-O 8. O-O Qe7 {The position is equal.} 9. e4 e5 10. Re1 {[#]} c5 $146 ({Predecessor:} 10... Rd8 11. Qc2 c5 12. dxc5 Nxc5 13. h3 Be6 14. b4 Ncd7 15. Rac1 Rdc8 16. Qb3 Nb6 17. Rc2 {½-½ (51) Abelgas,R (2270)-Zou,C (2232) Hong Kong 2014}) 11. d5 Ne8 12. Qc2 g6 13. Nh4 Ng7 14. Nf1 Nf6 15. Ne3 Nfh5 16. Bf1 b6 17. Bd3 Bd7 18. Neg2 Rae8 19. Qd2 g5 (19... f5 $11) 20. Nf5 $14 Nxf5 21. exf5 f6 22. Be4 Ng7 23. Ne3 Kh8 24. Kg2 Rg8 25. f3 Rb8 26. Rh1 Nh5 27. Kf2 Be8 28. a4 a6 29. Ng4 Kg7 30. h4 {[#] hxg5 is the strong threat.} Kf8 31. Rh3 Qg7 (31... b5 $16) 32. Rah1 Rb7 (32... b5 {was called for.}) 33. hxg5 $18 Qxg5 34. Qxg5 Rxg5 {[#]} 35. Ne3 $1 Kg8 36. g4 Nf4 37. Rh6 Rf7 38. Ra1 (38. Bc2 $18) 38... a5 $2 {This costs Black the game.} (38... Kg7 $1 $11 {and Black stays safe.} 39. Rah1 Kh8) 39. Bc2 Rgg7 $2 (39... Rf8 40. b3 Rg7) 40. Rah1 Rg5 41. Nd1 Rgg7 42. Nc3 Kf8 (42... Bd7 {is a better defense.} 43. Ke3 (43. Ne4 Bxf5 44. Nxf6+ Rxf6 $16) 43... Kf8) 43. Ne4 {White is clearly winning.} Ke7 44. g5 Rxg5 (44... Kd8 $142 45. Ke3 (45. Rxf6 Rxf6 46. Nxf6 Rxg5 $11) 45... Ng2+ 46. Kd2 fxg5 47. Nxd6 Rf8) 45. Nxg5 fxg5 46. Rxh7 Rxh7 47. Rxh7+ {[%mdl 4096] Endgame KRB-KBN} Bf7 48. Rh8 Be8 49. f6+ Kf7 50. Rh7+ Kxf6 51. Rb7 e4 52. fxe4 Bh5 53. Rxb6 Ke5 54. Ra6 Ng6 55. Rxa5 Kf4 56. Ra8 g4 57. e5 g3+ 58. Kg1 Nxe5 59. Rf8+ {Weighted Error Value: White=0.26/Black=0.39} 1-0

[Event "Uru-ch 2020 Final"]
[Site "Montevideo"]
[Date "2021.03.13"]
[Round "1.4"]
[White "Hoffman, Alejandro"]
[Black "Dominguez, Facundo"]
[Result "1-0"]
[WhiteElo "2474"]
[BlackElo "2160"]
[Annotator "TA"]
[PlyCount "41"]
[EventDate "2021.03.13"]
[EventCountry "URU"]
[SourceTitle "playchess.com"]
[Source "ChessBase"]
[SourceQuality "1"]

{[%evp 13,41,0,10,-20,-17,-31,4,0,9,7,104,100,160,167,225,207,266,180,187,0,127,128,109,114,491,450,29997,29998,29998,29999]} 1. d4 e6 2. Nf3 Nf6 3. Bg5 d5 4. e3 Be7 5. Nbd2 Nbd7 6. Bd3 O-O 7. c3 $1 {[%mdl 4] is recently more successful than 7.0-0.} c5 8. Qb1 {D03: 1 d4 d5 2 Nf3 Nf6 3 Bg5, including Torre Attack with early ...d5.} h6 9. Bf4 b6 10. g4 {[#] The position is equal.} cxd4 $146 ({Predecessor:} 10... Bb7 11. g5 Nh5 12. gxh6 Nxf4 13. Bh7+ Kh8 14. hxg7+ Kxg7 15. Rg1+ Kh8 16. exf4 f5 17. Bg6 cxd4 18. Nxd4 Rg8 19. Qd1 {1-0 (19) Ghane Gardeh,S (2408)-Alsharfi,S (2136) Al Ain 2008}) 11. exd4 Nxg4 (11... Re8 $11 {remains equal.}) 12. Rg1 $1 $16 {[%cal Rg1g4]} h5 ({Black should try} 12... f5) 13. h3 {[%mdl 1024] White has strong compensation.} Ngf6 (13... e5 $142) 14. Ne5 Bb7 15. Bh6 Ne8 {[#]} 16. Bh7+ (16. Nxd7 $1 $18 Qxd7 17. Qd1) 16... Kh8 {[#] White must now prevent ...Nxe5.} 17. Ng6+ {[%mdl 512]} fxg6 18. Qxg6 $40 {[%cal Rh6g7][%mdl 128] White wants a kill.} Bf6 {[%mdl 8192]} ({Inferior is} 18... gxh6 19. Bg8 Ndf6 20. Qxh6+ Nh7 21. Qxh7#) (18... Bg5 $16 19. Bxg5 Qc7) 19. Qxh5 $18 {Bg6 would kill now.} Kxh7 (19... gxh6 $18 20. Qxh6 Bg5 21. Rxg5 Qxg5 22. Qxg5 Kxh7 23. Qe7+ {[%mdl 64] Double Attack} Kg8 24. Qxd7 Rf7 25. Qxe6 Ng7) 20. Bxg7+ $1 Kg8 21. Bxf6+ {[%mdl 64] Discovered Attack.  Weighted Error Value: White=0.21/Black=1.11} 1-0

[Event "Uru-ch 2020 Final"]
[Site "Montevideo"]
[Date "2021.03.13"]
[Round "1.5"]
[White "Michailov, Matias"]
[Black "Lopez Azambuja, Nicolas"]
[Result "1-0"]
[WhiteElo "2251"]
[BlackElo "2317"]
[Annotator "TA"]
[PlyCount "75"]
[EventDate "2021.03.13"]
[EventCountry "URU"]
[SourceTitle "playchess.com"]
[Source "ChessBase"]
[SourceQuality "1"]

{[%evp 26,75,-4,-7,0,0,0,-22,0,-55,0,-37,-25,-28,-22,-94,-76,-119,-74,-114,-91,-239,-71,-76,-57,-56,0,0,9,-43,228,233,856,835,1287,1268,1228,1179,1700,2029,1980,1859,29989,29990,29991,29992,29992,29993,29993,29994,29994,624]} 1. d4 Nf6 2. Nf3 d5 3. e3 e6 4. Bd3 Be7 5. O-O O-O 6. b3 b6 7. Bb2 c5 8. c4 cxd4 9. exd4 Bb7 10. Qe2 Nc6 11. Nbd2 Re8 12. Rac1 Rc8 13. Rfd1 Bf8 14. h3 g6 {E14: Queen's Indian: Classical Variation (4 e3).} 15. Qe3 Bg7 16. a3 a5 {[#] The position is equal.} 17. Nf1 $146 (17. Ne5 $11) ({Predecessor:} 17. Ne5 dxc4 18. Nxc6 Bxc6 19. bxc4 Qd7 20. Rb1 b5 21. Bf1 Rb8 22. Ba1 bxc4 23. Nxc4 {½-½ (57) Kempinski,R (2600)-Istratescu,A (2645) Eretria 2011}) 17... Qe7 ({Better is} 17... a4 $15) 18. Ng3 Qf8 19. Qf4 Red8 20. a4 (20. Qh4 $11) 20... Nb4 21. Bb1 Ne8 22. Qh4 dxc4 {Hoping for ...Bxf3.} 23. bxc4 (23. Ng5 $17 {was called for.} Nf6 24. bxc4) 23... Bc6 $2 (23... Bxf3 $19 {has better winning chances.} 24. gxf3 Nd6) 24. Ne5 Bxa4 25. Re1 Nf6 (25... Nd6 $15) 26. Rc3 $1 $40 {[%mdl 128] White mounts an attack.} Nd7 {...Nxe5 is the strong threat.} 27. Ne4 (27. Ng4 $1 $11) 27... f6 $2 {[%mdl 8192] [#]} (27... Nxe5 $15 {stays ahead.} 28. dxe5 Bc6 29. Nf6+ Bxf6 30. exf6 Rd7) 28. Rf3 $1 $18 Qe7 (28... Nc2 29. Bxc2 Bxc2) 29. Nxd7 Qxd7 30. Nxf6+ Bxf6 31. Rxf6 Bc2 32. d5 {Bxc2 would kill now.} e5 33. Bxc2 Nxc2 34. Rxe5 {White mates.} Rf8 35. Ree6 Qg7 {[#]} 36. Rxg6 $3 {[%mdl 512]} Qxg6 37. Rxg6+ hxg6 38. Qh8+ {What a bad dream for Black.  Weighted Error Value: White=0.26/Black=0.60} (38. d6 $142 Rc7 39. dxc7 Rc8 40. Qe7 Nd4 41. Bxd4 Rxc7 42. Qe8+ {[%mdl 64] Double Attack} Kh7 43. Qh8#) 1-0

[Event "Uru-ch 2020 Final"]
[Site "Montevideo"]
[Date "2021.03.14"]
[Round "2.1"]
[White "Vazquez, Facundo"]
[Black "Lopez Azambuja, Nicolas"]
[Result "1/2-1/2"]
[WhiteElo "2200"]
[BlackElo "2317"]
[Annotator "TA"]
[PlyCount "57"]
[EventDate "2021.03.13"]
[EventCountry "URU"]
[SourceTitle "playchess.com"]
[Source "ChessBase"]
[SourceQuality "1"]

{[%evp 9,57,33,33,29,32,33,39,33,34,34,56,71,72,45,64,45,53,40,35,33,65,20,90,91,87,97,78,77,92,67,68,56,110,118,116,109,93,50,87,22,29,26,42,55,46,50,62,56,57,62]} 1. d4 Nf6 2. c4 e6 3. Nf3 b6 4. g3 a5 5. Bg2 Ba6 6. b3 {E15: Queen's Indian: 4 g3 sidelines, 4 g3 Ba6 and 4 g3 Bb7 early deviations.} c6 7. O-O d5 8. Qc2 Nbd7 9. Nbd2 {[#]} Bb4 $146 ({Predecessor:} 9... Be7 10. Bb2 O-O 11. e4 Rc8 12. Rfd1 Qc7 13. Rac1 Qb8 14. Qb1 Rfd8 15. Ne5 Bb7 16. cxd5 cxd5 17. Rxc8 Rxc8 18. exd5 Nxe5 19. dxe5 Nxd5 {0-1 (41) Checa,N (2427)-Kamsky,G (2665) New York 2015}) 10. e4 O-O 11. Bb2 Bb7 12. Rac1 h6 13. a3 Be7 14. Rfe1 Ra7 15. Ne5 dxc4 (15... Nxe5 $11 {remains equal.} 16. dxe5 Nxe4) 16. Ndxc4 b5 17. Nxd7 Nxd7 18. Ne3 Ba8 19. d5 cxd5 20. exd5 Nf6 (20... Bf6 $14) 21. dxe6 $16 fxe6 22. Bxa8 Qxa8 23. Qc6 Ra6 24. Qxa8 ({Better is} 24. Qxb5 $16 {Black must now prevent Nf5.} Ne4 25. f4) 24... Rfxa8 $11 25. Rc7 R6a7 26. Rxa7 {White is slightly better.} Rxa7 27. Nc2 Kf7 28. Nd4 b4 29. axb4 {Weighted Error Value: White=0.12/Black=0.17} 1/2-1/2

[Event "Uru-ch 2020 Final"]
[Site "Montevideo"]
[Date "2021.03.14"]
[Round "2.2"]
[White "Dominguez, Facundo"]
[Black "Michailov, Matias"]
[Result "1/2-1/2"]
[WhiteElo "2160"]
[BlackElo "2251"]
[Annotator "TA"]
[PlyCount "105"]
[EventDate "2021.03.13"]
[EventCountry "URU"]
[SourceTitle "playchess.com"]
[Source "ChessBase"]
[SourceQuality "1"]

{[%evp 15,105,26,39,30,36,34,24,29,45,43,36,41,46,40,77,54,84,47,99,49,69,57,57,54,59,44,166,161,199,204,220,220,256,194,177,186,177,166,154,76,69,-85,-87,-165,-156,-154,-141,-130,-110,-151,-117,-152,-141,-184,-173,-187,-182,-303,-291,-302,-305,-291,-243,-232,52,-31,48,60,56,54,79,10,45,10,12,11,16,0,0,0,0,0,0,0,0,0,0,0,0,0,0,0]} 1. e4 e6 2. d4 d5 3. Nd2 Nf6 4. e5 Nfd7 5. f4 c5 6. c3 Nc6 7. Ndf3 cxd4 8. cxd4 a5 9. Bd3 {C05: French Tarrasch: 3...Nf6 4 e5 Nfd7, 5 f4 and 5 Bd3 sidelines.} Nb6 10. Ne2 a4 11. O-O {White has an edge.} Bd7 12. g4 Nc4 13. f5 Qb6 {[#]} 14. Kh1 $146 ({Predecessor:} 14. Rf2 Be7 15. Kg2 Nb4 16. Bb1 a3 17. b3 Nb2 18. Qd2 g6 19. fxg6 hxg6 20. Ng5 Rg8 21. Nxf7 Bb5 22. Nf4 Kd7 23. Bxg6 Rac8 {0-1 (23) Joshi,G (2266)-Shyam,S (2501) New Delhi 2013}) 14... Nb4 15. Bb1 Be7 16. Nf4 O-O-O (16... Nc6 $14) 17. a3 Nc6 {[%cal Bb4c6,Bc6a5,Ba5b3][%mdl 32]} 18. Bc2 $1 N6a5 19. Bxa4 Bxa4 20. Qxa4 h5 ({Black should play} 20... Nb3 $14 21. Rb1 Nxd4) 21. gxh5 $18 {Threatens to win with fxe6.} (21. Nxh5 exf5 22. b4 (22. Nxg7 fxg4 23. Nf5 gxf3 $17) 22... Nc6 $17) 21... Qb3 22. Qxb3 Nxb3 23. Rb1 (23. fxe6 $6 fxe6 24. Rb1 (24. Nxe6 Nxa1 25. Bg5 Nb3 $17) 24... Kd7 $16) 23... Kd7 24. fxe6+ fxe6 25. Ng6 $1 {[%cal Rg6e7]} Rxh5 26. Nxe7 Nxc1 27. Nxd5 Nd3 $16 {[#]} 28. Nc3 (28. b3 $1 $14 {stays ahead.} Nxa3 {[#]} 29. Rbd1 $1) 28... Ne3 $17 29. Ne4 (29. Rfe1 $17 Nxe1 30. Rxe1) 29... Nxf1 30. Rxf1 Rf8 (30... Nxb2 31. Rb1 $11) 31. Kg2 b6 {[%mdl 1024] Black has strong compensation.} ({Don't play} 31... Nxb2 $6 32. Nc5+ (32. Rb1 Nd3 $11) 32... Ke7 33. Rb1 $11) 32. b4 Rhh8 33. Rd1 Nf4+ 34. Kg1 Nd5 35. Rd3 Rc8 36. Nfd2 (36. Rb3 {was necessary.}) 36... Rc1+ $19 37. Nf1 Rf8 38. Ned2 Rf4 39. Rg3 Rxd4 $2 (39... g5 $19 40. Kg2 Ra1 41. Rxg5 Rxa3) 40. Rxg7+ (40. Nb3 $14 Rxf1+ 41. Kxf1 Rf4+ 42. Kg1) 40... Kc6 (40... Ke8 $1 $15 41. Nb3 {[%mdl 64] Double Attack} Rc7 42. Rxc7 (42. Rg8+ Kf7 $17) 42... Rg4+ 43. Kf2 Nxc7) 41. Nb3 $14 {[%cal Rb3d4][%mdl 64] Double Attack} Rxf1+ 42. Kxf1 {[%cal Rb3d4][%mdl 4096] Endgame KRN-KRN} Re4 43. Rg5 (43. Kf2 $16) 43... Kb5 44. Nd2 Re3 {The position is equal.} 45. Rg3 {Rxe3 is the strong threat.} Rxe5 46. h4 Rh5 47. Rh3 Nf4 48. Rh1 Ka4 49. Kf2 Kxa3 50. Nc4+ Kxb4 51. Nxb6 Kc5 52. Nd7+ Kd6 53. Nf6 {White happily takes the draw.  Weighted Error Value: White=0.25/Black=0.29} 1/2-1/2

[Event "Uru-ch 2020 Final"]
[Site "Montevideo"]
[Date "2021.03.14"]
[Round "2.3"]
[White "Curi, Gabriel"]
[Black "Carbone, Diego"]
[Result "1/2-1/2"]
[WhiteElo "2156"]
[BlackElo "2224"]
[Annotator "TA"]
[PlyCount "49"]
[EventDate "2021.03.13"]
[EventCountry "URU"]
[SourceTitle "playchess.com"]
[Source "ChessBase"]
[SourceQuality "1"]

{[%evp 23,49,41,30,0,49,53,34,8,8,8,8,8,8,8,8,-147,0,0,0,0,0,-3,-3,-6,0,0,2,0]} 1. e4 e5 2. Nf3 Nc6 3. Bb5 a6 4. Ba4 Nf6 5. O-O b5 6. Bb3 Bc5 7. c3 d6 8. d4 Bb6 9. a4 Rb8 10. Na3 O-O 11. axb5 axb5 12. Nxb5 Bg4 13. Ra4 {C78: Ruy Lopez: Archangelsk and Möller Defences.} exd4 14. cxd4 Re8 15. Re1 {White is slightly better.} Qd7 16. Bc2 d5 {[%cal Rd5e4]} 17. e5 Ne4 18. Nc3 {Strongly threatening Nxd5!} ({Much weaker is} 18. Bxe4 dxe4 19. Rxe4 Nxe5 $1 $17) 18... Nxe5 $1 19. Nxd5 $2 {[#]} Qxd5 ({Black should play} 19... Nxf2 $1 $17 {[%mdl 512]} 20. Nf6+ gxf6 21. Kxf2 Bf5 22. Bxf5 Qxf5) 20. Bxe4 $11 {The position is equal.} Nxf3+ 21. gxf3 Rxe4 22. Rxe4 {[#]} Qxe4 {[#]} 23. fxg4 $146 ({Predecessor:} 23. fxe4 Bxd1 24. Rc4 Re8 {0-1 (24) Atakisi,U (2238)-Fedorchuk,S (2457) Oropesa del Mar 1999}) 23... Rd8 24. Be3 h6 25. d5 {Weighted Error Value: White=0.33/Black=0.20} 1/2-1/2

[Event "Uru-ch 2020 Final"]
[Site "Montevideo"]
[Date "2021.03.14"]
[Round "2.4"]
[White "Roselli Mailhe, Bernardo"]
[Black "Coppola, Claudio"]
[Result "1-0"]
[WhiteElo "2429"]
[BlackElo "2233"]
[Annotator "TA"]
[PlyCount "117"]
[EventDate "2021.03.13"]
[EventCountry "URU"]
[SourceTitle "playchess.com"]
[Source "ChessBase"]
[SourceQuality "1"]

{[%evp 14,117,18,8,20,11,18,11,46,49,40,34,38,43,69,4,13,18,18,1,23,16,14,13,45,44,46,-22,-28,-12,-7,-41,-51,-54,-18,-41,-16,-16,-22,-38,0,-9,-4,-41,-24,-42,-10,-16,106,93,271,261,277,277,275,277,264,266,271,271,272,266,331,279,287,267,267,259,385,362,529,522,512,504,929,910,913,896,29960,29963,29973,29969,29970,29970,29969,29969,29972,29973,29973,29963,29973,29975,29975,29974,29974,29975,29977,29978,29978,29977,29977,29978,29982,29983,29983,29984]} 1. c4 c5 2. Nc3 Nf6 3. g3 d5 4. cxd5 Nxd5 5. Bg2 Nc7 6. d3 e5 7. Be3 Be7 8. Rc1 Nd7 {A34: Symmetrical English: 2 Nc3, lines with ...d5.} 9. Nf3 O-O 10. Nd2 {[#] was the old line (10.0-0).} Bg5 $146 {The position is equal.} ({Predecessor:} 10... Rb8 11. f4 b6 12. Qa4 a6 13. O-O Nf6 14. Kh1 Ncd5 15. Nxd5 Nxd5 16. Bg1 exf4 17. gxf4 {1-0 (40) Cekro,E (2434)-Michiels,B (2450) Westerlo 2004}) 11. Bxg5 Qxg5 12. O-O Qe7 13. Nc4 Nf6 14. a4 (14. Qb3 $14) 14... Na6 15. Qd2 Nb4 16. a5 h6 17. f4 exf4 18. Qxf4 Rd8 19. Ne3 Be6 20. Nf5 (20. Qe5 $14) 20... Bxf5 $11 21. Qxf5 Rac8 22. Ne4 {[%cal Re4f6]} Nfd5 {White must now prevent ...Ne3.} 23. Qf2 {[%cal Rc1c5]} b6 24. g4 Nc6 25. axb6 axb6 26. h4 Nd4 27. g5 {[#]} Nf4 $1 28. Rce1 (28. Kh1 $5 {[%cal Rf2f4]} hxg5 29. hxg5 $11) 28... hxg5 29. hxg5 Nde6 30. Qg3 Nxg2 (30... Ng6 $11 {keeps the balance.}) 31. Kxg2 $16 Rd5 $2 {[#] A mistake that costs the game.} (31... Rd4 $16) 32. Nf6+ $1 $18 {[%mdl 512]} Qxf6 33. gxf6 Rg5 34. Qxg5 Nxg5 35. fxg7 Kxg7 {[%mdl 4096] Endgame KRR-KRN} 36. Ra1 Re8 37. Kf2 Kf6 38. Ra7 Ke5 39. Rb7 Re6 40. Ke3 Kd5+ (40... Rd6 {keeps fighting.} 41. Ra1 f5) 41. Kd2 c4 (41... Kc6 $142) 42. Rf5+ {[%mdl 64] Double Attack} Kc6 43. Rb8 ({Not} 43. Rxg5 Kxb7 44. dxc4 Rf6 $16) 43... cxd3 (43... f6 $142 44. Rc8+ Kd7) 44. Rxg5 Rxe2+ 45. Kxd3 Rxb2 46. Rf5 {White mates.} Kc7 47. Rh8 Kb7 48. Kc3 Rg2 49. Rxf7+ Ka6 50. Ra8+ Kb5 51. Rf5+ Kc6 52. Raf8 Kb7 53. Rf2 Rg3+ 54. Kc4 Ka6 55. R2f3 Rg4+ 56. Kd5 Rg5+ 57. R8f5 Rg1 58. Ra3+ Kb5 59. Rb3+ {Weighted Error Value: White=0.11/Black=0.46} 1-0